000 00811cam a22002655a 4500
001 014665169
003 OSt
005 20201128024331.0
008 090929t2008 njua fr 001 0 eng d
020 _a9780131355576
020 _a0131355570
040 _aStDuBDS
_beng
_cStDuBDS
_dEG-ScBUE
082 0 4 _222
_a657
_bHAR
100 1 _aHarrison, Walter T.
_91456
245 1 0 _aFinancial accounting /
_cWalter T. Harrison, Charles T. Horngren.
250 _a7th ed., Pearson international ed.
260 _aUpper Saddle River :
_bPearson Prentice Hall / Prentice Hall,
_cc.2008.
300 _a838 p. :
_bill. ;
_c28 cm.
500 _aIncludes index.
650 7 _aAccounting.
_2BUEsh
_99036
651 _2BUEsh
653 _bBUSADM
_cApril2018
700 1 _912381
_aHorngren, Charles T.,
_d1926-
942 _2ddc
999 _c26612
_d26584